000 00590nam a2200229Ia 4500
003 OSt
005 20221005125135.0
006 a|||||r|||| 00| 0
007 ta
008 221004b |||||||| |||| 00| 0 eng d
024 _a71462
037 _cTextual
040 _aCRL
_cCRL
_beng
041 _2eng
_aeng
082 _aV3:19055:N5, G8
100 _aLondonderry Marquess of --
_9636219
245 0 _aOur selves and Germany
260 _c1938
650 _aHISTORY
942 _hV3:19055:N5, G8
_cTEXL
_2cc
999 _c1053076
_d1053076